Theoretical chemistry (Record no. 26041)

MARC details
000 -LEADER
fixed length control field 00308nam a2200121Ia 4500
082 ## - DEWEY DECIMAL CLASSIFICATION NUMBER
Classification number 541.1:54
Item number BYE
245 #0 - TITLE STATEMENT
Title Theoretical chemistry
260 ## - PUBLICATION, DISTRIBUTION, ETC. (IMPRINT)
Place of publication London
Name of publisher Butterworths
Year of publication 1972
490 ## - SERIES STATEMENT
Series statement Physical chemistry V 1
700 ## - ADDED ENTRY--PERSONAL NAME
Personal name Byers, Brown W
942 ## - ADDED ENTRY ELEMENTS (KOHA)
Koha item type Books
Holdings
Withdrawn status Lost status Damaged status Not for loan Home library Current library Date acquired Cost, normal purchase price Full call number Accession Number Koha item type
        RRII Library RRII Library 16/12/2021 15.00 541.1:54 BYE 06681 Books